|
|
|
|
| LEADER |
00000nam0a2200000 4500 |
| 001 |
232506 |
| 005 |
20231101231158.0 |
| 010 |
|
|
|a 9785438701668
|
| 035 |
|
|
|a (RuTPU)RU\TPU\book\253555
|
| 090 |
|
|
|a 232506
|
| 100 |
|
|
|a 20130214d2012 k y0rusy50 ca
|
| 101 |
0 |
|
|a rus
|
| 102 |
|
|
|a RU
|
| 105 |
|
|
|a a z 001zy
|
| 200 |
1 |
|
|a Организация жизненного цикла изделий машиностроения
|e монография
|f С. И. Петрушин, Р. Х. Губайдулина
|g Национальный исследовательский Томский политехнический университет (ТПУ), Юргинский технологический институт (ЮТИ)
|
| 210 |
|
|
|a Томск
|c Изд-во ТПУ
|d 2012
|
| 215 |
|
|
|a 200 с.
|c ил.
|
| 320 |
|
|
|a Библиогр.: с. 93-95.
|
| 330 |
|
|
|a В монографии рассмотрена проблема оптимальной организации жизненного цикла изделий на примере машиностроительной отрасли, в основе которой лежит понятие об экономически обоснованном сроке службы машины. Разработаны принципы и предложены расчетные методики оптимизации этапов эксплуатации, проектирования, изготовления и утилизации изделия. Обоснована необходимость организации массового быстросменного способа производства машин. Предложен новый метод и приведены нормативные материалы для укрупненного расчета экономической эффективности технологических процессов изготовления изделий машиностроения.Предназначена для повышения квалификации инженерно-технических и экономических работников промышленных предприятий, а также для углубления знаний студентов соответствующих специальностей.
|
| 606 |
1 |
|
|a Машиностроительная продукция
|x Жизненный цикл
|2 stltpush
|3 (RuTPU)RU\TPU\subj\72286
|9 85848
|
| 610 |
1 |
|
|a машиностроение
|
| 610 |
1 |
|
|a машиностроительные изделия
|
| 610 |
1 |
|
|a массовое производство
|
| 610 |
1 |
|
|a конструкции
|
| 610 |
1 |
|
|a технико-экономические требования
|
| 610 |
1 |
|
|a технологическая подготовка
|
| 610 |
1 |
|
|a изношенные изделия
|
| 610 |
1 |
|
|a машины
|
| 610 |
1 |
|
|a составные части
|
| 610 |
1 |
|
|a реновация
|
| 610 |
1 |
|
|a утилизация
|
| 610 |
1 |
|
|a монографии
|
| 610 |
1 |
|
|a труды учёных ТПУ
|
| 675 |
|
|
|a 621.002:658.62
|v 3
|
| 700 |
|
1 |
|a Петрушин
|b С. И.
|c специалист в области машиностроения
|c профессор Томского политехнического университета, доктор технических наук
|f 1949-
|g Сергей Иванович
|2 stltpush
|3 (RuTPU)RU\TPU\pers\24235
|
| 701 |
|
1 |
|a Губайдулина
|b Р. Х.
|c специалист в области машиностроения
|c доцент Юргинского технологического института (филиал) Томского политехнического университета
|f 1951-
|g Рауза Хамидовна
|2 stltpush
|3 (RuTPU)RU\TPU\pers\25096
|
| 712 |
0 |
2 |
|a Национальный исследовательский Томский политехнический университет (ТПУ)
|b Юргинский технологический институт (ЮТИ)
|c (2009- )
|2 stltpush
|3 (RuTPU)RU\TPU\col\15903
|
| 801 |
|
1 |
|a RU
|b 63413507
|c 20130214
|
| 801 |
|
2 |
|a RU
|b 63413507
|c 20130221
|g RCR
|
| 942 |
|
|
|c BK
|